Регионална библиотека "Любен Каравелов" - Русе

Бдения (Запис номер 60499)

MARC детайли
000 -Лидер
Контролно поле с фиксирана дължина nam a22 a 4500
003 - Код на организацията, давaща контролен номер
Контролно поле BLK
005 - Дата и час на последна редакция
Контролно поле 20221124083910.0
008 - Елементи от данни с фиксирана дължина
fixed length control field 180408b bul|||||r ||||||| ||bul||
010 ## - Наследен системен номер
LC control number KNG00064671000
040 ## - Източник на каталожния запис
Идентификатор на билиотеката - собственик на записа BLK
041 ## - Код за език
Код за езика на текст/звукозапис или на отделно заглавие Български
Код за езика КДБФ Български
080 ## - УДК
Текстов определител УДК Българска литература
УДК код - определител по УДК 821.163.2
УДК определител -8
УДК - код + определител 821.163.2-8
100 1# - Редна дума - Автор
Автор Ганчовски, Неделчо Цветков
Авторска отговорност първи автор
R(LIN) 289977
139 ## - Редно поле
Редна дума Ганчовски, Неделчо Цветков
Авторски знак Ганч - Г 22
245 10 - Сведения за заглавието
Заглавие Бдения
Подзаглавни данни Фейлетони, памфлети, есета и статии
Редно поле (дума) Неделчо Цветков Ганчовски; ил. Карандаш; * Цветан Иванов Цеков
257 ## - Страна на издаване
Страна на създаване/издаване България
260 ## - Област на издателските данни
Място на издаване, разпространение и проч. София
Име на издателя, разпространителя и проч. Партиздат
Година на издаване 1979
300 ## - Физическа характеристика
Страници 256 с.
Илюстрации и др. с ил.
Размери/Мащаб 21 см
380 ## - Жанр
Жанр Худож. лит.
500 ## - Общи забележки
Забележка Карандаш е псевд. на Цветан Иванов Цеков.
700 1# - Други автори (авторска отговорност)
Лично име Карандаш
Автороска отговорност (Описва отношението между автора и произведението) ил.
Друга информация Цеков, Цветан Иванов
9 (RLIN) 76792
700 1# - Други автори (авторска отговорност)
Лично име Цеков, Цветан Иванов
Автороска отговорност (Описва отношението между автора и произведението) *
9 (RLIN) 289978
852 ## - Местоположение
Форматна сигнатура Цб 97017
Фондова буква Хранилище
856 4# - Електронен адрес и достъп
Електронен формат pdf - файл
Инструкция (цена за достъп) 0.00
Права за достъп disable
999 ## - СИСТЕМНИ КОНТРОЛНИ НОМЕРА
Koha biblionumber 60499
Koha biblioitemnumber 60499
942 ## - АРТИКУЛИ
Вид на библиотечния материал Книги
Скрит в OPAC Не
Периодичен библиозапис Да
944 ## - СЪЗДАВАНЕ И РЕДАКЦИЯ на ЗАПИСА
Създаване/Редакция Създаване
Дата на регистрацията/редакция 14.09.2016
Служител, извършил регистрацията/редакцията Севдалина_Василева
944 ## - СЪЗДАВАНЕ И РЕДАКЦИЯ на ЗАПИСА
Създаване/Редакция Редакция
Дата на регистрацията/редакция 14.09.2016
Служител, извършил регистрацията/редакцията Севдалина_Василева
Наличности
Код за отписване Код за изгубен артикул Източник на класификационната схема Код за повреда Коз за рестрикции Код за отдаване Артикулен № Име на библиотеката - собственик Име на библиотеката, в която се намира в момента Статус (Текущо местоположение) Дата на вписване в системата Местоположение - отдел Цена в лева Инвентарен номер Систематично азбучна сигнатура Баркод Номер на екземпляра Цена в евро Служебна бележка Служебен тип на артикула
  Не е изгубен Universal Decimal Classification Не е повреден само за читалня ползва се в читалня 99633 Регионална библиотека "Любен Каравелов" Русе Регионална библиотека "Любен Каравелов" Русе Хранилище 1979-01-01 Хранилище 1.80 276618 Цб 97017 120000276618 1 0.92 Дост: Dp Вид: Д N: стар фонд Дата: 01.01.1979 Книги
Изтеглен Не е изгубен Universal Decimal Classification Не е повреден без рестрикции заемане за дома 99634 Регионална библиотека "Любен Каравелов" Русе Регионална библиотека "Любен Каравелов" Русе Заемна - подръчен фонд 1979-01-01 Заемна - подръчен фонд 1.80 277777 П 886.7-8/Г 22 277777 2 0.92 Дост: Pk Вид: Ф N: стар фонд Дата: 01.01.1979 Дата инв: 14.02.2018 Бележки инв: П2018 Книги
Vip Innovations Ltd, Rousse, Bulgaria 2025